| 000 | 00915nam a2200253 i 4500 | ||
|---|---|---|---|
| 001 | 126511 | ||
| 003 | ES-MaACL | ||
| 005 | 20250602063231.0 | ||
| 007 | t| | ||
| 008 | 070214s1971 sp r ||||1| spa d | ||
| 040 | _cES-MaACL | ||
| 100 | 1 |
_aRépide, Pedro de, _d1882-1948 _996267 _eaut |
|
| 245 | 1 | 4 |
_aLas calles de Madrid / _cPedro de Répide ; compilación, revisión, prólogo y notas Federico Romero ; epílogo Alfonso de la Serna ; ilustraciones Esplandiu. |
| 260 |
_aMadrid : _bAfrodisio Aguado, _c1971. |
||
| 300 |
_aXVI, 797 p., 15 lám. col. : _bil. ; _c25 cm. |
||
| 650 | 7 |
_aCalles- _zMadrid _9146934 |
|
| 700 | 0 |
_aRomero, Federico _999322 _eaui |
|
| 700 | 1 |
_aSerna, Alfonso de la, _d1922-2006 _9105561 _eaft |
|
| 700 | 1 |
_aEsplandiu, Juan _947932 _eill |
|
| 852 |
_aES-MaACL _jC-40965 |
||
| 942 |
_cMONOGRAFIA _n0 |
||
| 999 |
_c126511 _d126511 |
||